Without precedent (Record no. 66209)

MARC details
000 -LEADER
fixed length control field 01275cam a2200277 4500
001 - CONTROL NUMBER
control field ABS63576
008 - FIXED-LENGTH DATA ELEMENTS--GENERAL INFORMATION
fixed length control field 000000n2001 000 0 eng u
035 ## - SYSTEM CONTROL NUMBER
System control number (Sirsi) u111131
100 ## - MAIN ENTRY--PERSONAL NAME
Personal name Cheffings, N.
245 ## - TITLE STATEMENT
Title Without precedent
260 ## - PUBLICATION, DISTRIBUTION, ETC.
Date of publication, distribution, etc. 2001
490 ## - SERIES STATEMENT
Series statement Estates Gazette
Volume/sequential designation (0107) 17 February 2001, 154-156(3)
520 ## - SUMMARY, ETC.
Summary, etc. With reference to landlord and tenant cases shows that whilst judicial precedent is an integral part of common law, it does not guarrantee the outcome of a case. Discusses "Southwark LBC v Mills & Baxter v Camden LBC" (1999); "Mowan v Wandsworth LBC" (2000); "Ribee v Norrie" (2000); "Javad v Aqil" (1990); "London Baggage Co (Charing Cross) Ltd v Railtrack plc" (2000); "Walji v Mount Cook Land Ltd" (2000) "Lewisham Investment Partnership v Morgan" (1997); and "Iceland Frozen Foods Ltd v Starlight Investments Ltd" (1992).
590 ## - LOCAL NOTE (RLIN)
Local note ABS
650 ## - SUBJECT ADDED ENTRY--TOPICAL TERM
Topical term or geographic name entry element LITIGATION
650 ## - SUBJECT ADDED ENTRY--TOPICAL TERM
Topical term or geographic name entry element PRECEDENTS
650 ## - SUBJECT ADDED ENTRY--TOPICAL TERM
Topical term or geographic name entry element COMMON LAW
650 ## - SUBJECT ADDED ENTRY--TOPICAL TERM
Topical term or geographic name entry element SOUTHWARK LBC V MILLS & BAXTER V CAMDEN LBC
650 ## - SUBJECT ADDED ENTRY--TOPICAL TERM
Topical term or geographic name entry element NUISANCE
650 ## - SUBJECT ADDED ENTRY--TOPICAL TERM
Topical term or geographic name entry element MOWAN V WANDSWORTH LBC
650 ## - SUBJECT ADDED ENTRY--TOPICAL TERM
Topical term or geographic name entry element RIBEE V NORRIE
650 ## - SUBJECT ADDED ENTRY--TOPICAL TERM
Topical term or geographic name entry element JAVAD V AQIL
650 ## - SUBJECT ADDED ENTRY--TOPICAL TERM
Topical term or geographic name entry element LONDON BAGGAGE CO (CHARING CROSS) LTD V RAILTRACK PLC
690 ## - LOCAL SUBJECT ADDED ENTRY--TOPICAL TERM (OCLC, RLIN)
Topical term or geographic name as entry element PROPERTY-LANDLORD AND TENANT
942 ## - ADDED ENTRY ELEMENTS (KOHA)
Suppress in OPAC 0
Holdings
Withdrawn status Lost status Source of classification or shelving scheme Damaged status Not for loan Home library Current library Shelving location Date acquired Total Checkouts Full call number Barcode Date last seen Copy number Price effective from Koha item type
    Dewey Decimal Classification     London London Journal article 26/02/2001   ABS63576 111131-1001 06/08/2019 1 06/08/2019 Journal article